[Event "Enniscrone Sligo op-A"]
[Site "Enniscrone"]
[Date "2025.02.01"]
[Round "3"]
[White "Mcilroy, Gerard"]
[Black "Mccoy, Adam"]
[Result "1-0"]
[WhiteElo "1914"]
[BlackElo "1840"]
[PlyCount "83"]
[EventDate "2025.01.31"]
[EventType "swiss"]
[EventRounds "5"]
[EventCountry "IRL"]
[SourceTitle "CB06_2025"]
[SourceDate "2025.02.05"]
[SourceVersion "1"]
[SourceVersionDate "2025.02.05"]
[SourceQuality "1"]

1. d4 Nf6 2. c4 e6 3. Nc3 Bb4 4. Bg5 c5 5. d5 Bxc3+ 6. bxc3 d6 7. e3 h6 8. Bh4 e5 9. Bd3 Nbd7 10. Qc2 Qe7 11. f3 g5 12. Bf2 h5 13. Ne2 h4 14. a4 h3 15. gxh3 Rxh3 16. Ng3 e4 17. Nxe4 Nxe4 18. fxe4 Ne5 19. Be2 Bg4 20. 0-0-0 Bxe2 21. Qxe2 Nf3 22. Bg3 g4 23. Qc2 0-0-0 24. Rdf1 Re8 25. Rxf3 gxf3 26. e5 Qd7 27. Rf1 Kb8 28. Rxf3 Rxe5 29. Qf2 Re7 30. Bxd6+ Qxd6 31. Rxh3 Qd7 32. Qf4+ Kc8 33. Rh8+ Re8 34. Rxe8+ Qxe8 35. Qf5+ Kc7 36. d6+ Kxd6 37. Qd5+ Kc7 38. Qxc5+ Kb8 39. a5 Qh8 40. Qd4 Qf8 41. c5 a6 42. Qd6+ 1-0